000 01537nam a2200469 i 4500
001 4914
003 KOSZ 005
005 20201012121410.0
008 070926s1968 pl a f f 001 0 pol
015 _aPB 1968/10138
040 _aWA N
_cWA N
_dKOSZ 005/RW
_dKOSZ 005/HR
046 _k1968
080 _a536.7
080 _a544.3
080 _a66.045.1
080 _a(075.8)
100 1 _aHobler, Tadeusz
_d(1899-1975)
_eAutor
245 1 0 _aRuch ciepła i wymienniki /
_cTadeusz Hobler.
250 _aWydanie 3 uzupełnione i rozszerzone.
260 _aWarszawa :
_bWydawnictwa Naukowo-Techniczne,
_c1968.
300 _a974, [1] s. :
_bil. ;
_c25 cm.
336 _aTekst
_btxt
_2rdacontent
337 _aBez urządzenia pośredniczącego
_bn
_2rdamedia
338 _aWolumin
_bnc
_2rdacarrier
380 _aKsiążki
380 _aPublikacje dydaktyczne
385 _mPoziom nauczania
_aSzkoły wyższe
388 _a1901-2000
388 _a1945-1989
490 1 _aInżynieria Chemiczna.
504 _aBibliografia na stronach [961]-966. Indeks.
650 4 _aTermodynamika
650 4 _aTermodynamika chemiczna
650 4 _aWymiennik ciepła
655 4 _aPodręczniki akademickie
658 _aInżynieria i technika
658 _aChemia
710 2 _aWydawnictwa Naukowo-Techniczne
_4pbl.
830 0 _aInżynieria Chemiczna
856 _uhttp://koha.tu.koszalin.pl/cgi-bin/koha/opac-detail.pl?biblionumber=4914
_yKatalog online BPK
942 _2UKD
_cKA
999 _c4914
_d4914